000 00606nam a2200205Ia 4500
003 GCL
008 140319s9999 xx 000 0 ara d
040 _aGCL /
_cGCL
082 0 4 _a301.35
_bا ع
100 1 _aالسيد عبدالعاطى السيد
245 1 0 _aعلم الاجتماع الحضرى /
_cالسيد عبدالعاطى السيد
260 _a[S.N] :
_bدار المعرفة الجامعية ،
_c1994
300 _a469
490 _a
650 0 4 _aالاجتماع
650 0 4 _aالمدن
650 0 4 _aالقرى
650 0 4 _aالاجتماع الحضرى
942 _2ddc
_cBK
999 _c55057
_d55057